| 000 | 00606nam a22001937a 4500 | ||
|---|---|---|---|
| 005 | 20251108172243.0 | ||
| 008 | 250721s2001 xx 000 0 ara d | ||
| 082 | 1 | 4 | _a343.096/كوم |
| 100 | 1 | _aكوماني، لطيف جبر | |
| 245 | 1 | 0 | _aمسؤولية الناقل البحري / |
| 264 | 1 |
_aعمان : _bدار العلمية للنشر و التوزيع، _c2001. |
|
| 300 | _a223ص | ||
| 650 | 1 | 7 | _aالقانون البحري |
| 650 | 1 | 7 | _aالنقل البحري |
| 650 | 1 | 7 | _aالشحن البحري |
| 650 | 1 | 7 | _aالتشريعات الدولية |
| 942 |
_2ddc _cBK |
||
| 999 |
_c74309 _d74309 |
||